Ethics first: reflections on the role of research ethics at the initial stages of an investigation into taxi drivers' experiences of crime

Saved in:  
Bibliographic Details
Authors: Denscombe, Martyn (Author) ; Dingwall, Gavin (Author) ; Hillier, Tim (Author)
Format: Print Article
Language:English
Published: 2009
In: International review of victimology
Year: 2009, Volume: 16, Issue: 3, Pages: 301-308
Check availability: HBZ Gateway
Keywords:

MARC

LEADER 00000caa a22000002c 4500
001 163196643X
003 DE-627
005 20220607131702.0
007 tu
008 120504s2009 xx ||||| 00| ||eng c
035 |a (DE-627)163196643X 
035 |a (DE-576)364519185 
035 |a (DE-599)BSZ364519185 
040 |a DE-627  |b ger  |c DE-627  |e rakwb 
041 |a eng 
100 1 |a Denscombe, Martyn  |4 aut 
245 1 0 |a Ethics first  |b reflections on the role of research ethics at the initial stages of an investigation into taxi drivers' experiences of crime  |c Martyn Denscombe; Gavin Dingwall; Tim Hillier 
264 1 |c 2009 
336 |a Text  |b txt  |2 rdacontent 
337 |a ohne Hilfsmittel zu benutzen  |b n  |2 rdamedia 
338 |a Band  |b nc  |2 rdacarrier 
700 1 |a Dingwall, Gavin  |0 (DE-588)1063137187  |0 (DE-627)810624605  |0 (DE-576)180751638  |4 aut 
700 1 |a Hillier, Tim  |0 (DE-588)1068120460  |0 (DE-627)819656275  |0 (DE-576)172781299  |4 aut 
773 0 8 |i In  |t International review of victimology  |d Los Angeles, Calif. [u.a.] : Sage, 1989  |g 16(2009), 3, Seite 301-308  |w (DE-627)170190714  |w (DE-600)1023075-0  |w (DE-576)023095830  |x 0269-7580  |7 nnas 
773 1 8 |g volume:16  |g year:2009  |g number:3  |g pages:301-308 
951 |a AR 
ELC |b 1 
LOK |0 000 xxxxxcx a22 zn 4500 
LOK |0 001 3283459274 
LOK |0 003 DE-627 
LOK |0 004 163196643X 
LOK |0 005 20260116115824 
LOK |0 008 120504||||||||||||||||ger||||||| 
LOK |0 040   |a DE-21-110  |c DE-627  |d DE-21-110 
LOK |0 689   |a s  |a Research ethic 
LOK |0 689   |a s  |a Investigation 
LOK |0 689   |a s  |a Taxi drivers 
LOK |0 689   |a s  |a Experiences of crime 
LOK |0 852   |z Kein Bestand am IfK; Nachweis für KrimDok 
LOK |0 852   |a DE-21-110 
LOK |0 852 1  |m v  |9 00 
LOK |0 938   |k v 
LOK |0 939   |a 04-05-12  |b l01 
ORI |a SA-MARC-krimdoka001.raw